=LDR 00000nam 2200000 4500 =001 INLIS000000000046509 =005 20150330163302.0 =006 =007 =008 =020 ##$$a 979-518-673-6 =035 ##$$0010-031500000000281 =082 ##$$a 378-Ihs-d =100 ##$$a Drs.H. Fuad Ihsan =245 ##$$a Dasar-dasar kependidika =250 ##$$a Cet.4 =260 ##$$a Jakarta $b Rineka Cipta $c 2005 =300 ##$$a ix,254 Hlm $c 20 Cm =990 ##$$a 0001/BPAP-NTB/20142015